000 00655nam a2200193Ia 4500
005 20260114185851.0
008 008 260114s9999 xx 000 0 eng d
020 _a9781350225695
037 _aEBOOK
040 _aCRL
_beng
_cCRL
041 _aeng
_2eng
084 _qCRL
100 _aPinar Bedirhanoglu, €aglar D”lek, Funda H?lag? and ™zlem Kaygusuz
_9875388
245 0 _aTurkey's New State in the Making Transformations in Legality, Economy and Coercion
260 _bBloomsbury
_c2020
856 _uhttps://doi.org/10.5040/9781350225695?locatt=label:secondary_bloomsburyCollections
942 _cEBOOK
999 _c1474322
_d1474322